CORROSION ENGINEERING : PRINCIPLES AND PRACTICE (Record no. 564348)

000 -LEADER
fixed length control field 00312nam a2200109Ia 4500
008 - FIXED-LENGTH DATA ELEMENTS--GENERAL INFORMATION
fixed length control field 210430s9999 xx 000 0 und d
020 ## - INTERNATIONAL STANDARD BOOK NUMBER
International Standard Book Number 3547-3547-3547
082 ## - DEWEY DECIMAL CLASSIFICATION NUMBER
Classification number 620.112 R6289 C
100 ## - MAIN ENTRY--PERSONAL NAME
Personal name ROBERGE P R
9 (RLIN) 52094
245 ## - TITLE STATEMENT
Title CORROSION ENGINEERING : PRINCIPLES AND PRACTICE
Statement of responsibility, etc. ROBERGE P R
942 ## - ADDED ENTRY ELEMENTS (KOHA)
Koha item type Book
Source of classification or shelving scheme
Holdings
Withdrawn status Lost status Damaged status Not for loan Collection code Permanent Location Current Location Shelving location Date acquired Total Checkouts Total Renewals Full call number Barcode Date last seen Date last checked out Price effective from Koha item type
          School of Chemical & Materials Engineering (SCME) School of Chemical & Materials Engineering (SCME) General Stacks 04/12/1 2 3 620.112 R6289 C SCME-3547 03/16/2026 01/21/2026 04/30/2021 Book
© 2023 Central Library, National University of Sciences and Technology. All Rights Reserved.